000 00737nam a2200205 u 4500
001 000307960
003 AM-YeHGA
005 20250617130239.0
008 040212s1984 ai r 000 0 arm d
040 _aAM-YeHGA
041 0 _aarm
245 1 0 _aԲաքու :
_b[Պատմամշակությաին ակնարկ] /
_cԷ. Աղաև; Գրախոս.՝ Ռզա Ասքյարով; Խմբ.՝ Գ.Ս. Օհանյան.
260 _aԵրևան :
_bՀայաստան,
_c1984.
300 _a84 էջ :
_b[8] թ. նկ. ;
_c20 սմ.
650 1 4 _aՏնտեսություն
_zԲաքու
653 0 _aՄայրաքաղաքներ
700 1 _aԱսքյարով, Ռզա
_eգրախոս.
_4rev
700 1 _aՕհանյան, Գ.Ս.
_eխմբ.
_4edt
090 _c114980
999 _c113641
_d113641